000 00489nam a2200169Ia 4500
005 20250508152038.0
008 008 250505s9999 xx 000 0 hin d
037 _aBooks to be hide in OPAC
040 _aFEDL
_beng
_cFEDL
041 _ahin
_2hin
084 _a371.2, SHA
_qFEDL
245 0 _aBhartiya jantantra aur shikshaliya vevastha
260 _aAgra, India
_bRatan Prakashan Mandir
_c1956
300 _a280p.
942 _cHB
_h371.2, SHA
999 _c1333898
_d1333898